Sampling techniques for forest resource inventory / (Record no. 7066)

MARC details
000 -LEADER
fixed length control field 01135cam a2200289 a 4500
001 - CONTROL NUMBER
control field 1144270
003 - CONTROL NUMBER IDENTIFIER
control field OSt
005 - DATE AND TIME OF LATEST TRANSACTION
control field 20210831164047.0
008 - FIXED-LENGTH DATA ELEMENTS--GENERAL INFORMATION
fixed length control field 950626s1996 nyua b 001 0 eng
010 ## - LIBRARY OF CONGRESS CONTROL NUMBER
LC control number 95032955
020 ## - INTERNATIONAL STANDARD BOOK NUMBER
International Standard Book Number 0471109401 (cloth : alk. paper)
040 ## - CATALOGING SOURCE
Original cataloging agency DLC
Transcribing agency DDC
Modifying agency DLC
050 00 - LIBRARY OF CONGRESS CALL NUMBER
Classification number SD387.S86
Item number S48 1996
082 00 - DEWEY DECIMAL CLASSIFICATION NUMBER
Classification number 580.7SHI1996
100 1# - MAIN ENTRY--PERSONAL NAME
Personal name Shiver, Barry Dexter,Borders,Bruce E.
Dates associated with a name 1956-
9 (RLIN) 14555
245 10 - TITLE STATEMENT
Title Sampling techniques for forest resource inventory /
Statement of responsibility, etc. Edited by Shiver,Barry D., Borders,Bruce E.
260 ## - PUBLICATION, DISTRIBUTION, ETC. (IMPRINT)
Place of publication, distribution, etc. New York :
Name of publisher, distributor, etc. Wiley,
Date of publication, distribution, etc. c1996.
300 ## - PHYSICAL DESCRIPTION
Extent xii, 356 p. :
Other physical details ill. ;
Dimensions 24 cm.
504 ## - BIBLIOGRAPHY, ETC. NOTE
Bibliography, etc Includes bibliographical references and index.
650 #0 - SUBJECT ADDED ENTRY--TOPICAL TERM
Topical term or geographic name as entry element Biology
9 (RLIN) 5602
700 1# - ADDED ENTRY--PERSONAL NAME
Personal name Borders, Bruce E.
Fuller form of name (Bruce Edward),
Dates associated with a name 1956-
9 (RLIN) 14557
856 42 - ELECTRONIC LOCATION AND ACCESS
Materials specified Publisher description
Uniform Resource Identifier <a href="http://www.loc.gov/catdir/description/wiley031/95032955.html">http://www.loc.gov/catdir/description/wiley031/95032955.html</a>
856 4# - ELECTRONIC LOCATION AND ACCESS
Materials specified Table of Contents
Uniform Resource Identifier <a href="http://www.loc.gov/catdir/toc/onix01/95032955.html">http://www.loc.gov/catdir/toc/onix01/95032955.html</a>
906 ## - LOCAL DATA ELEMENT F, LDF (RLIN)
a 7
b cbc
c orignew
d 1
e ocip
f 19
g y-gencatlg
942 ## - ADDED ENTRY ELEMENTS (KOHA)
Source of classification or shelving scheme Dewey Decimal Classification
Koha item type Open Shelf

No items available.